1408 1751 1658 1192 1886 1007 1186 1457 1102 1741 1930 1127 1784 1977 1566 1785 1989 1272 1438 1905 1316 1851 1624 1276 1164 1205 1624 1758 1544 1166 1337 1083 1487 1972 1820 1249 1789 1639 1407 1139 1933 1665 1678 1965 1157 1332 1082 1820 1771 1494 1668 1727 1843 1869 1282 1820 1352 1771 1907 1252 1867 1558 1999 1518 1169 1360 1755 1292 1453 1846 1168 1950 1149 1551 1456 1120 1386 1270 1055 1154 1800 1061 1601 1151 1515 1790 1663 1204 1460 1869 1558 1237 1667 1329 1296 1948 1998 1649 1362 BCNSPRNW ULIB Ver.6.0+V

เปลี่ยนเป็นภาษาไทย

Change to English
 แสดงรายละเอียดบรรณานุกรม
  กลับหน้าหลัก

Brief Record : Get Marc (ISO 2709) : E-mail record : QR code < ปิดหน้าต่าง
LEADER : 00000nam 2200000uu 4500
001    13399113411
003     ULIB
008    020711s2553 th a 000 0 tha d
020    ^a9749749450167
099    ^aนว.ฬ111ด 2549
100    ^aฬีฬา
245    ^aดวงตาในดวงใจ/^cฬีฬา
250    ^aพิมพ์ครั้งที่ 1
260    ^aกรุงเทพฯ :^bยาหยี-ยาใจ,^c2549
300    ^a292 หน้า
710 1  ยาหยี-ยาใจ
945    ^p215^l0^i020198
995    ทศพร
999 ^a ^aวรรณษา ชูชัยมงคล
รายการนี้ยังไม่มีแท็ก
คุณยังไม่ได้ล็อกอิน คุณสามารถมีกิจกรรมร่วมกับเว็บไซต์ได้ แต่ต้องล็อกอินก่อน ::
  ล็อกอิน

รายการสื่อสารสนเทศ

ลำดับที่ ประเภท เลขเรียก/บาร์โค้ด สถานที่ สถานะ
1. นวนิยาย
นวนิยาย
นว.ฬ111ด 2549 ฉ.1 
  Barcode: 020198
ห้องสมุดวิทยาเขตสวรรค์ประชารักษ์
►นวนิยาย
บนชั้น
  ขอยืม

รายการใกล้เคียง
    ผู้แต่ง [ฬีฬา]

BibComment


ยังไม่เคยถูกคอมเมนท์

คอมเมนท์ทรัพยากรรายการนี้
  คอมเมนท์: ดวงตาในดวงใจ ฬีฬา


 Copyright 2026. Bcnsprnw @Library